NBA: Highest Scoring Teams' Top 5 Scorers: 2000s - Statistics

General Stats
  • This quiz has been taken 189 times
  • The average score is 30 of 50
Answer Stats
Team Player PPG % Correct
'09-'10 Phoenix Suns Steve Nash 16.5
100%
'08-'09 Phoenix Suns Steve Nash 15.7
100%
'06-'07 Phoenix Suns Steve Nash 18.6
100%
'05-'06 Phoenix Suns Steve Nash 18.8
100%
'04-'05 Phoenix Suns Steve Nash 15.5
100%
'03-'04 Dallas Mavericks Steve Nash 14.5
100%
'02-'03 Dallas Mavericks Steve Nash 17.7
100%
'01-'02 Dallas Mavericks Steve Nash 17.9
100%
'03-'04 Dallas Mavericks Dirk Nowitzki 21.8
99%
'02-'03 Dallas Mavericks Dirk Nowitzki 25.1
99%
'01-'02 Dallas Mavericks Dirk Nowitzki 23.4
99%
'09-'10 Phoenix Suns Amar'e Stoudemire 23.1
92%
'08-'09 Phoenix Suns Amar'e Stoudemire 21.4
92%
'06-'07 Phoenix Suns Amar'e Stoudemire 20.4
92%
'04-'05 Phoenix Suns Amar'e Stoudemire 26.0
92%
'00-'01 Sacramento Kings Chris Webber 27.1
84%
'06-'07 Phoenix Suns Shawn Marion 17.5
80%
'05-'06 Phoenix Suns Shawn Marion 21.8
80%
'04-'05 Phoenix Suns Shawn Marion 19.4
80%
'07-'08 Golden State Warriors Baron Davis 21.8
70%
'00-'01 Sacramento Kings Peja Stojaković 20.4
69%
'00-'01 Sacramento Kings Vlade Divac 12.0
69%
'09-'10 Phoenix Suns Jason Richardson 15.7
61%
'08-'09 Phoenix Suns Jason Richardson 16.4
61%
'04-'05 Phoenix Suns Quentin Richardson 14.9
61%
'04-'05 Phoenix Suns Joe Johnson 17.1
59%
'07-'08 Golden State Warriors Stephen Jackson 20.1
57%
'03-'04 Dallas Mavericks Michael Finley 18.6
56%
'02-'03 Dallas Mavericks Michael Finley 19.3
56%
'01-'02 Dallas Mavericks Michael Finley 20.6
56%
'00-'01 Sacramento Kings Jason Williams 9.4
54%
'07-'08 Golden State Warriors Monta Ellis 20.2
53%
'08-'09 Phoenix Suns Shaquille O'Neal 17.8
52%
'00-'01 Sacramento Kings Doug Christie 12.3
49%
'09-'10 Phoenix Suns Grant Hill 11.3
35%
'08-'09 Phoenix Suns Leandro Barbosa 14.2
34%
'06-'07 Phoenix Suns Leandro Barbosa 18.1
34%
'05-'06 Phoenix Suns Leandro Barbosa 13.1
34%
'05-'06 Phoenix Suns Boris Diaw 13.3
29%
'06-'07 Phoenix Suns Raja Bell 14.7
27%
'05-'06 Phoenix Suns Raja Bell 14.7
27%
'01-'02 Dallas Mavericks Juwan Howard 12.9
26%
'03-'04 Dallas Mavericks Antawn Jamison 14.8
22%
'07-'08 Golden State Warriors Al Harrington 13.6
20%
'02-'03 Dallas Mavericks Nick Van Exel 12.5
20%
'01-'02 Dallas Mavericks Nick Van Exel 13.2
20%
'07-'08 Golden State Warriors Andris Biedriņš 10.5
14%
'03-'04 Dallas Mavericks Antoine Walker 14.0
13%
'09-'10 Phoenix Suns Channing Frye 11.2
12%
'02-'03 Dallas Mavericks Raef LaFrentz 9.3
10%
No matching quizzes found
Score Distribution
Percent of People with Each Score
Percentile by Number Answered
Your Score History
You have not taken this quiz